| 000 | 00372cam a2200157ua 4500 | ||
|---|---|---|---|
| 003 | OSt | ||
| 005 | 20260221112538.0 | ||
| 008 | 260221b |||||||| |||| 00| 0 eng d | ||
| 041 | _aeng | ||
| 082 |
_a694.1 _bWES/WO |
||
| 100 |
_aWest, W J . _97878 |
||
| 245 | _aWood work / | ||
| 260 |
_aLondon : _bEnglish Universities Press , _c1957. |
||
| 300 | _a160 ; . | ||
| 942 | _cBK | ||
| 999 |
_c3312 _d3312 |
||